A homonnai Drugeth leltár

Správa o tom, že humenský kaštiel obsahuje bohatý archívny materiál dotýkajúci sa rodov Drugethovcov, Čákiovcov a Andrášiovcov. Na jeho spracovanie došiel odborník z Budapesti Dr. [?] Molnár a archivárske práce sú v plnom prúde tak, že z týchto fondov budú môcť čerpať vedeckí pracovníci....

Celý popis

Podrobná bibliografia
Médium: Článok
Jazyk:Hungarian
Témy:
Zdroj: 1. Felvidéki Hirlap 1. Roč. 2, č. 33 (15.08.1909) s. 2
LEADER 01195nab#a2200325#ar4500
001 000073328
003 SVKKK
005 20040107xxxxxxx.
008 06 c xo huno
FMT
038 |a SVKKK 
040 |a SVKKK  |b slo  |e AACR2 
041 0 |a hun 
044 |a xo  |c SK 
080 |a 930.25 
242 1 0 |a Archív humenských Drugethovcov 
245 0 0 |a A homonnai Drugeth leltár 
500 |a mikrofilm 
520 2 |a Správa o tom, že humenský kaštiel obsahuje bohatý archívny materiál dotýkajúci sa rodov Drugethovcov, Čákiovcov a Andrášiovcov. Na jeho spracovanie došiel odborník z Budapesti Dr. [?] Molnár a archivárske práce sú v plnom prúde tak, že z týchto fondov budú môcť čerpať vedeckí pracovníci. 
650 0 4 |a Molnár, ? (archivár) - Budapest (HU) 
650 0 4 |a materiály archívne - spracovanie prebiehajúce - kaštiel, Humenné - Drugeth-Čáki-Andráši (rody) - Humenné - august 1909 - správy 
773 0 |t Felvidéki Hirlap  |g Roč. 2, č. 33 (15.08.1909) s. 2 
957 |a Budapest (HU) 
957 |a Humenné 
958 |a DG 
958 |a SK 
974 |a Ba  |d 20040107 
992 |a RBX 
BAS
998 |a RETRO